Venkataramaiya's law lexicon with legal maxims : a comprepensive legal dictionary /

Podrobná bibliografie
Hlavní autor: Venkataramaiya, R.
Další autoři: Desai, M. C. (Editor)
Médium: Kniha
Jazyk:English
Vydáno: Allahabad : Law Publishers, 1983 [reprinted 2005].
Vydání:2nd ed.
Témata:
Classic Catalogue: View this record in Classic Catalogue
LEADER 01591nam a2200325 a 4500
001 0020142
003 BD-DhAAL
008 100420r20051983ii bd 000 0 eng d
010 |a  75923836  
020 |a 8171110754 
040 |a DLC  |c DLC  |d DLC  |d BD-DhAAL 
082 0 0 |a 349.5403  |2 22 
100 1 |a Venkataramaiya, R.  |9 59027 
245 1 0 |a Venkataramaiya's law lexicon with legal maxims :  |b a comprepensive legal dictionary /  |c M. C. Desai. 
250 |a 2nd ed. 
260 |a Allahabad :  |b Law Publishers,  |c 1983 [reprinted 2005]. 
300 |a 2 v. (823, iii-xxiii, xii, 825-1916) pages ;  |c 25 cm 
362 0 |a Vol. 2 
504 |a Includes bibliographical references. 
505 0 |a v. 1. A-L.-- v. 2. M-Z. 
526 |a SOL  |x K. Shamsuddin Mahmood Professor and Dean School of Law BRAC University 
541 1 |e 0020142  |a Anupam Gyan Bhandar 
650 0 |a Law  |z India  |x Dictionaries.  |9 59028 
700 1 |a Desai, M. C.,  |e editor.  |9 59029 
740 |a Law lexicon. 
852 4 |a Ayesha Abed Library  |c General Stacks 
942 |2 ddc  |c BK 
999 |c 8200  |d 8200 
952 |0 0  |1 0  |2 ddc  |4 0  |6 349_540300000000000_VEN_2005  |7 0  |9 9372  |a BRACUL  |b BRACUL  |c GEN  |d 2010-04-21  |e Anupam Gyan Bhandar  |l 0  |o 349.5403 VEN  |p 3010020142  |r 2010-04-21  |t 1  |w 2010-04-21  |y BK  |x Requisitioned by K. Shamsuddin Mahmood, Professor and Dean, School of Law, BRAC University 
952 |0 0  |1 0  |2 ddc  |4 0  |6 349_540300000000000_VEN_2005  |7 0  |9 9373  |a BRACUL  |b BRACUL  |c GEN  |d 2010-04-21  |e Anupam Gyan Bhandar  |l 0  |o 349.5403 VEN  |p 3010020143  |r 2010-04-21  |t 2  |w 2010-04-21  |y BK  |x Requisitioned by K. Shamsuddin Mahmood, Professor and Dean, School of Law, BRAC University